| 000 | 00699nam a22002057a 4500 | ||
|---|---|---|---|
| 999 |
_c13115 _d13115 |
||
| 003 | AR-CdUCM | ||
| 008 | 190411b ||||| |||| 00| 0 spa d | ||
| 040 |
_aMUNICIPALIDAD PROVINCIAL DEL CUSCO _cBIBLIOTECA MUNICIPAL DEL CUSCO |
||
| 082 |
_a921 / _bM26 |
||
| 100 |
_aSilva, Ludovico _931322 |
||
| 245 | _aEl estilo literario de Marx / | ||
| 260 |
_aMéxico : _bSiglo XXI, _c1971. |
||
| 300 |
_a141 páginas ; _c18 cm. |
||
| 505 | _aContenido : Advertencias -- Introducción -- El origen literario de Marx -- Rasgos fundamentales del estilo de Marx ... | ||
| 650 |
_aEstilo literario _914506 |
||
| 650 |
_aMarx _94291 |
||
| 650 |
_aSiglo XX _98 |
||
| 942 |
_2ddc _cLIBROS |
||
| 945 |
_arah _d11/04/2019 |
||